[Event "BRA-ch Amateur U2000"]
[Site "Sao Paulo"]
[Date "2018.06.02"]
[Round "5"]
[White "Parreira, Teodora Ribeiro"]
[Black "Reis, Antonio Ferreira Da"]
[Result "1-0"]
[WhiteElo "1532"]
[BlackElo "1585"]
[PlyCount "89"]
[EventDate "2018.05.31"]
[EventType "swiss"]
[EventRounds "7"]
[EventCountry "BRA"]
[SourceTitle "EXT 2021"]
[Source "ChessBase"]
[SourceDate "2020.10.23"]
[SourceVersion "1"]
[SourceVersionDate "2020.10.23"]
[SourceQuality "1"]

1. e4 c5 2. Nf3 e6 3. d3 g6 4. Nbd2 Bg7 5. g3 Nc6 6. Bg2 Nge7 7. 0-0 0-0 8. Re1 d5 9. Qe2 dxe4 10. dxe4 b6 11. Nf1 Bb7 12. h4 Qc7 13. N1h2 Nd4 14. Nxd4 Bxd4 15. e5 Bxg2 16. Kxg2 c4 17. c3 Bc5 18. Bh6 Rfd8 19. Qxc4 Qb7+ 20. Qe4 Qxe4+ 21. Rxe4 Nf5 22. Bg5 Rd3 23. g4 h6 24. gxf5 hxg5 25. hxg5 Rd2 26. fxe6 Rxf2+ 27. Kg3 Rxb2 28. exf7+ Kxf7 29. Rf1+ Ke6 30. Rf6+ Kd5 31. Re1 Rh8 32. Ng4 Rxa2 33. Rd1+ Kc4 34. Rxg6 Ra3 35. Rc1 Rd8 36. e6 Rd3+ 37. Kh4 Rdxc3 38. Rxc3+ Rxc3 39. Rg7 Rc2 40. Ne5+ Kd5 41. e7 Bxe7 42. Rxe7 Re2 43. Ng6 Rxe7 44. Nxe7+ Ke6 45. Nc8 1-0

[Event "Sao Paulo Salles Cup 12th"]
[Site "Sao Paulo"]
[Date "2018.04.22"]
[Round "5"]
[White "De Martino, Murilo Rocha Laragn"]
[Black "Reis, Antonio Ferreira Da"]
[Result "0-1"]
[WhiteElo "1311"]
[BlackElo "1595"]
[PlyCount "84"]
[EventDate "2018.04.20"]
[EventType "swiss"]
[EventRounds "6"]
[EventCountry "BRA"]
[SourceTitle "CBM 184 Extra"]
[Source "ChessBase"]
[SourceDate "2018.06.28"]
[SourceVersion "1"]
[SourceVersionDate "2018.06.28"]
[SourceQuality "1"]

1. e4 c5 2. Nf3 e6 3. d3 Nc6 4. g3 g6 5. Bg2 Bg7 6. 0-0 Nge7 7. Re1 d6 8. Nbd2 0-0 9. Nf1 d5 10. e5 Nf5 11. c3 b5 12. h4 b4 13. g4 Nxh4 14. N1h2 Nxg2 15. Kxg2 bxc3 16. bxc3 d4 17. c4 Bb7 18. Rb1 Rb8 19. Bf4 Qc7 20. Kg3 Ne7 21. Qd2 h5 22. Bh6 hxg4 23. Bxg7 Nf5+ 24. Kxg4 Kxg7 25. Qg5 Rh8 26. Qf6+ Kg8 27. Nf1 Qc6 28. N1d2 Qe8 29. Rh1 Bxf3+ 30. Nxf3 Ng7 31. Rxb8 Qxb8 32. Rxh8+ Kxh8 33. Qxf7 Qe8 34. Qxa7 Qf8 35. a4 Qf5+ 36. Kg3 Nh5+ 37. Kg2 Qg4+ 38. Kf1 Qxf3 39. Qb8+ Kh7 40. Qa7+ Kh6 41. Kg1 Nf4 42. Kf1 Qd1# 0-1

[Event "Sao Paulo SP ECP op 3rd"]
[Site "Sao Paulo"]
[Date "2017.11.18"]
[Round "3.13"]
[White "Venelli, Luiz Gonzaga"]
[Black "Reis, Antonio Ferreira Da"]
[Result "0-1"]
[WhiteElo "1610"]
[BlackElo "1798"]
[PlyCount "52"]
[EventDate "2017.11.17"]
[EventType "swiss"]
[EventRounds "6"]
[EventCountry "BRA"]
[SourceTitle "EXT 2022"]
[Source "ChessBase"]
[SourceDate "2021.10.06"]
[SourceVersion "1"]
[SourceVersionDate "2021.10.06"]
[SourceQuality "1"]

1. f4 d5 2. Nf3 g6 3. e3 Nf6 4. b3 Bg7 5. Bb2 0-0 6. Bb5 c5 7. 0-0 a6 8. Be2 Nc6 9. Ne5 d4 10. Nxc6 bxc6 11. Bf3 Nd5 12. Qc1 a5 13. Na3 Ba6 14. Nc4 a4 15. Re1 Bxc4 16. bxc4 a3 17. Bxa3 dxe3 18. Bxc5 Bxa1 19. cxd5 exd2 20. Qxd2 Bf6 21. Qe2 cxd5 22. Bxe7 Qb6+ 23. Kf1 Rfe8 24. Bc5 Qxc5 25. Qxe8+ Rxe8 26. Rxe8+ Kg7 0-1